000 00663nam a22002417a 4500
003 UA-OsUOA
001 85734
007 ta
008 20120711b un ||||| |||| 00| 0 ukr d
100 _aГом'єн Д.
090 _a341.236.14
_bГ64
942 _cBK
040 _aUA-OsUOA
_bukr
_cUA-OsUOA
_dUA-OsUOA
245 _aКороткий путівник європейською конвенцією з прав людини
300 _a192 с.
955 _a2
041 _aukr
080 _a341.236.14
020 _a966-651-379-Х
260 _aК.
_bФенікс
_c2006
650 7 _a341 Міжнародне право
_2UDC
999 _c372049
_d372049